000 00361nam a2200097Ia 4500
008 180130s9999 xx 000 0 und d
245 _cPerroni, Emilia
_aTo act and to tell
260 _c2014
300 _aBook title: Play : psychoanalytic perspectives, survival and human development--Acession number C18636; pages 183-185
650 _aPLAY--PSYCHOLOGICAL ASPECTS
999 _c354516
_d354516